Hodnotenie podnikateľskej stratégie startupov prostredníctvom analýzy externého prostredia

Rôzne druhy moderných podnikateľských stratégií start-upov hodnotené na základe analýzy podnikateľského prostredia. Stratégia „zadarmo“ (freemium model), stratégia modelu združovania, stratégia juda. Vybrané porterove generické stratégie. Stratégia nákladového vodcovstva. Koncept štíhleho start-upu....

Descrizione completa

Salvato in:
Dettagli Bibliografici
Autore principale: Mišúnová Hudáková, Ivana, 1976-
Natura: Capitolo di libro
Lingua:slovacco
Soggetti:
Tags: Aggiungi Tag
Nessun Tag, puoi essere il primo ad aggiungerne!!

MARC

LEADER 00000nla a2200000 4500
001 0239716
005 20240502073903.5
041 0 |a slo 
044 |a SK 
245 1 0 |a Hodnotenie podnikateľskej stratégie startupov prostredníctvom analýzy externého prostredia  |c Ivana Mišúnová Hudáková 
520 |a Rôzne druhy moderných podnikateľských stratégií start-upov hodnotené na základe analýzy podnikateľského prostredia. Stratégia „zadarmo“ (freemium model), stratégia modelu združovania, stratégia juda. Vybrané porterove generické stratégie. Stratégia nákladového vodcovstva. Koncept štíhleho start-upu. Kooperatívno-konkurenčná stratégia. „Stratégia modrého oceánu." 
610 2 0 |a start-up 
610 2 0 |a stratégia podnikateľská 
610 2 0 |a prostredie podnikateľské 
610 2 0 |a analýza ekonomická 
610 2 0 |a analýza trhu 
610 2 0 |a vplyvy na prácu vonkajšie 
100 1 |a Mišúnová Hudáková, Ivana, 1976-